| 000 | 00396nam a2200145Ia 4500 | ||
|---|---|---|---|
| 008 | 230917s9999||||xx |||||||||||||| ||und|| | ||
| 040 |
_e98746 _aMAIN |
||
| 041 | _aEnglish | ||
| 082 | _a954.0258 H95S | ||
| 100 | _aHusain, S M Azizuddin | ||
| 245 | 0 | _aStructure of politics under Aurangzeb 1658-1707 | |
| 260 |
_aNew Delhi _bKanishka Publishers _c2002 |
||
| 300 | _axxiii, 212 p. | ||
| 942 | _cBK | ||
| 999 |
_c113897 _d113897 |
||